00274nam a2200121Ia 4500008004100000082001600041100001600057245003200073250000800105260002300113300000800136650000800144191201s2005 xx 000 0 und d a658.57bMAP aMAJUMDAR, R 0aProduct Management in India a2nd aN.DelhibPHIc2005 a347 aMBA